000 00373pam a2200157a 44500
008 230405s1967 xxu||||| |||| 00| 0 eng d
041 _aENG
100 _aGOVT. OF INDIA
245 _aECONOMIC DESIGN OF MULTISTORIED BUILDING
250 _a1967
260 _aMUMBAI
_bPRELIMINARY PUB
_c1967
300 _aP.B, 11
650 _aCIVIL
690 _aCIVIL
906 _a396
999 _c814591
_d814591